000 01112nam a2200277 i 4500
001 68301
003 ES-MaACL
005 20250827062612.0
007 t|
008 031110s2003 sp ||||0| spa d
040 _aM-BN
_bspa
_cM-BN
080 _a347.736(460)"2003"(094.5)
110 1 _aEspaña
_93622
240 1 0 _aLey orgánica para la reforma concursal, por la que se modifica la Ley orgánica del poder judicial 1985, 2003
245 1 0 _aNormativa concursal
_b: (BOE, núm. 164, de 10 de julio).
260 _a[Madrid] :
_bColegio de Abogados de Madrid,
_c[2003]
300 _a252 p. ;
_c17 cm.
490 1 _aTextos legales ;
_v16
500 _aIndice.
505 8 _aContiene: Ley orgánica 6/2003, de 9 de julio, para la reforma concursal, por la que se modifica la Ley orgánica 6/1985, de 1 de julio, del poder judicial ; Ley 22/2003, de 9 de julio, concursal
650 1 4 _aDerecho concursal-
_zEspaña
_911679
710 1 _aEspaña.
_tLey concursal, 2003.
_93820
830 0 _aTextos legales ;
_v16
_9178122
852 _aES-MaACL
_jL-27947
_bR.133872
999 _c68301
_d68301